| 000 | 00722nam a22002295a 4500 | ||
|---|---|---|---|
| 005 | 20161127132934.0 | ||
| 008 | 160605s2016 ii a frb 001 0 eng d | ||
| 020 | _a9788123928876 | ||
| 040 |
_aEG-ScBUE _beng _cEG-ScBUE _dEG-ScBUE |
||
| 082 | 0 | 4 |
_a617.605 _bSIK _222 |
| 100 | 1 |
_aSikri, Vimal K. _940126 |
|
| 245 | 1 | 0 |
_aTextbook of operative dentistry / _cVimal K. Sikri. |
| 250 | _a4th ed. | ||
| 260 |
_aNew Delhi : _bCBS Publishers & Distributors, _c2016. |
||
| 300 |
_axix, 657 p. : _bill. ; _c27 cm. |
||
| 500 | _aIndex : p. 651-657. | ||
| 504 | _aIncludes bibliographical references. | ||
| 650 | 7 |
_aDentistry, Operative. _2BUEsh _930617 |
|
| 651 | _2BUEsh | ||
| 653 |
_bDDent _cJune2016 _cNovember2016 |
||
| 942 | _2ddc | ||
| 999 |
_c21849 _d21821 |
||